| 000 | 00469 a2200145 4500 | ||
|---|---|---|---|
| 245 |
_aA Passion for Life _b : Fragments of the Face of God _hprint |
||
| 020 | _a1570750769 | ||
| 700 | _aChittister, Joan. | ||
| 700 | _aLentz, Robert | ||
| 650 | _aRELIGION | ||
| 005 | 20191017173013.0 | ||
| 260 |
_anyu _bOrbis Books _cc1996 |
||
| 084 | _aBX4661 .C48 1996 | ||
| 300 |
_axi, 132 p. : col. ill. _b 29 cm. _cxi, 132 p. : col. ill. ; 29 cm. |
||
| 500 | _aJoan D. Chittister ; with icons by Robert Lentz. | ||
| 999 |
_c9667 _d9667 |
||